| 000 | 00536nam a2200193 4500 | ||
|---|---|---|---|
| 010 | _aA-905580 | ||
| 020 | _a1860195024 | ||
| 035 | _aA-905580 | ||
| 037 | _bCen Lib / Ret | ||
| 040 |
_aDPL _bEN |
||
| 082 |
_a700.35 _bDIC |
||
| 245 | _aDictionary of the arts / | ||
| 260 |
_aLondon _bBrockhampton Press _c1997 |
||
| 270 |
_a20 Bloomsbury street _bLondon |
||
| 300 |
_a564p ; _b27cm(Hb) |
||
| 650 | _aArts -- Dictionaries. | ||
| 650 | _aArtists -- Biography -- Dictionaries. | ||
| 942 |
_2ddc _cEN _h700.35 _mDIC |
||
| 999 |
_c136530 _d136530 |
||